Structural changes of incomes of agricultural producers based on knowledge approach

Aktuálna problematika príjmov poľnohospodárskych výrobcov. Štruktúra príjmov, príjmy z podnikateľskej aktivity výrobcov a podpory v rámci Spoločnej poľnohospodárskej politiky. Metodické aspekty sledovania príjmovej úrovne v poľnohospodárstve. Silný vplyv znalostného prístupu pri naplňovaní európskeh...

Descripción completa

Guardado en:
Detalles Bibliográficos
Autor principal: Boháčková, Ivana
Formato: Capítulo de libro
Lenguaje:inglés
Materias:
Etiquetas: Agregar Etiqueta
Sin Etiquetas, Sea el primero en etiquetar este registro!

MARC

LEADER 00000naa$a2200000$$$4500
001 0041592
005 20231114071541.7
041 0 |a eng 
044 |a CZ 
245 1 0 |a Structural changes of incomes of agricultural producers based on knowledge approach  |c Ivana Boháčková 
520 |a Aktuálna problematika príjmov poľnohospodárskych výrobcov. Štruktúra príjmov, príjmy z podnikateľskej aktivity výrobcov a podpory v rámci Spoločnej poľnohospodárskej politiky. Metodické aspekty sledovania príjmovej úrovne v poľnohospodárstve. Silný vplyv znalostného prístupu pri naplňovaní európskeho modelu poľnohospodárstva. 
610 2 0 |a poľnohospodárstvo 
610 2 0 |a výroba poľnohospodárska 
610 2 0 |a príjmy 
610 2 0 |a podpory 
610 2 0 |a Európska únia 
610 2 0 |a ekonomika vedomostná 
100 1 |a Boháčková, Ivana